Очерк организации народного образования на Великобританских островах

Доступно только в Электронных читальных залах Найти на картеНа карте
RUSMARC
00003704nmc2a22002533x 450
0010e0d7ae6-9d89-4475-8ac2-920c1ede32c9
00520230831154856.0
100##$a20221223l19041904k l0rusy0189 ca
1010#$arus
$aeng
102##$aRU
105##$ay###
1222#$ad
2001#$aОчерк организации народного образования на Великобританских островах
$j1904 г.
215##$a18 л.
$d36,5х26 см
251##$cДело
300##$aПеревод с английского. Д. Салимон
300##$aНа русском и английском языках
371##$aДокумент не является опубликованным и широко распространяемым
461#0$1001a74412a3-3cc5-4d21-8f0a-dfe2fbd9e72d
$12001
$aДепартамент народного просвещения Министерства народного просвещения (1803-1917)
$1251
$cФонд
$1852
$j733
462#0$1001eee5cd01-9790-469a-9945-6bffddbc7761
$12001
$aРазряд общих дел
$1251
$cОпись
$1852
$j228
801#0$aRU
$bРГИА
$c20221223
$gRCR
801#1$aRU
$bГлавНИВЦ
$c20221223
$2rusmarc
801#2$aRU
$bПБ им. Б.Н. Ельцина
$c20230831
$gRCR
$2rusmarc
850##$aРГИА
852##$aРГИА
$eФедеральное казенное учреждение "Российский государственный исторический архив" (РГИА)
$j176
937##$hРГИА
$d12396405
$aASBIBLIO_SCAN
035##$aRusGRCC00059012
856##$uhttp://readingroom.main.prlib.ru/item.aspx?id_node=n187293778&mode=full
Формат отображения